AQ chính chuyện: Ttruyện, tạp văn chọn lọc

Spremljeno u:
Bibliografski detalji
Glavni autor: Lỗ Tấn
Format: Knjiga
Jezik:Undetermined
Izdano: Hà Nội Văn Học 2001
Teme:
Oznake: Dodaj oznaku
Bez oznaka, Budi prvi tko označuje ovaj zapis!
Thư viện lưu trữ: Trung tâm Học liệu Trường Đại học Cần Thơ
LEADER 00550nam a2200181Ia 4500
001 CTU_45655
008 210402s9999 xx 000 0 und d
082 |a 895.13 
082 |b T121/2001 
100 |a Lỗ Tấn 
245 0 |a AQ chính chuyện: 
245 0 |b Ttruyện, tạp văn chọn lọc 
245 0 |c Lỗ Tấn; Dịch giả: Trương Chính 
260 |a Hà Nội 
260 |b Văn Học 
260 |c 2001 
650 |a chinese literature - 20th century 
980 |a Trung tâm Học liệu Trường Đại học Cần Thơ